LEADER 01932njm a2200457 a 4500
001 000265879
003 CZ BrMZK
005 20230418143451.0
008 010907s1992 xr f cze d
028 0 3 |a 54 001-1  |b Popron 
040 |a BOA001  |b cze 
072 7 |a 821.162.3-3  |x Česká próza  |2 Konspekt  |9 25 
080 |a 821.162.3-32  |2 MRF 
080 |a (0:82-321.5)  |2 MRF 
080 |a (086.72)  |2 MRF 
100 1 |a Jiráň, Jan,  |d 1957-  |7 jn20000401255  |4 cmp  |4 aut 
245 1 0 |a Vlak do Santa Fé  |h [zvukový záznam] /  |c Jan Jiráň, Oldřich Kaiser, Jiří Lábus. 
260 |a Praha :  |b Popron,  |c p1992 
300 |a 1 LP deska :  |b 33 ot/min, stereo ;  |c 30 cm 
500 |a Durata neuv 
500 |a Nahr. 1992 
511 0 |a Účinkují: Otakar Brousek, Jiří Lábus, Oldřich Kaiser ... [et al.]. 
655 7 |a české povídky  |7 fd133971  |2 czenas 
655 7 |a humoristické povídky  |7 fd132428  |2 czenas 
655 7 |a gramofonové desky  |7 fd186718  |2 czenas 
700 1 |a Tesař, Pavel,  |d 1967-  |7 xx0126361  |4 prf 
700 1 |a Vondráček, Jan,  |d 1966-  |7 jx20040723030  |4 prf 
700 1 |a Švarc, Bohumil,  |d 1926-2013  |7 jn20000402929  |4 prf 
700 1 |a Brousek, Otakar,  |d 1924-2014  |7 jn19981000335  |4 prf 
700 1 |a Dejdar, Martin,  |d 1965-  |7 jn19990009814  |4 prf 
700 1 |a Dolejšová, Bohumila,  |d 1942-2020  |7 mzk2009496103  |4 prf 
700 1 |a Kaiser, Oldřich,  |d 1955-  |7 jn19990209336  |4 prf  |4 aut 
700 1 |a Kretschmerová, Jaroslava,  |d 1955-  |7 jn20000401488  |4 prf 
700 1 |a Krška, Vladimír,  |d 1924-1999  |7 jn20000401507  |4 prf 
700 1 |a Lábus, Jiří,  |d 1950-  |7 jn19990209472  |4 prf  |4 aut 
700 1 |a Maciuchová, Hana,  |d 1945-2021  |7 jn19990209503  |4 prf 
700 1 |a Rösner, Boris,  |d 1951-2006  |7 jn19990009973  |4 prf 
700 1 |a Skořepová, Luba,  |d 1923-2016  |7 jn19990209765  |4 prf 
910 |a BOA001  |b LP-0001.004 
990 |a AV 
996 6 |b 261H001029  |c LP-0001.004  |l MZK  |r Sklad / do 24 hodin  |n 0  |w 000265879  |u 000010  |a 1  |e BOA001  |j MZK50  |s P